• 首页
  • 本馆介绍
  • 公告通知
  • 最新文献
  • 馆藏检索
  • 电子资源
  • 读者导购
  • 参考咨询
  • 我的图书馆
  • 登录
  • 详细信息显示
  • 放入我的书架
  • 预约/预借图书
  • 作者相关作品
  • 分类相关作品
  • 丛书相关作品
  • 出版社相关作品

书目信息

  • 表格格式
  • 工作单格式
  • 卡片格式
题名:
金文断代方法探微
    
 
作者: 沈长云 , 杜勇 著
分册:  
出版信息: 北京   人民出版社  2002
页数: 303页
开本: 21cm
丛书名:
单 册:
中图分类: K877.34
科图分类:
主题词: 金文--断代学--研究
电子资源:
ISBN: 7-01-003587-3
000 01523nam0 2200373 450
000 01486nam0 2200361 450
000 01467nam0 2200361 450
000 01430nam0 2200349 450
000 01448nam0 2200337 450
000 01411nam0 2200325 45
001 TS2006000080
005 20061221091940.26
010    @a7-01-003587-3@dCNY20.00
092    @aCN@bTS01-000089
100    @a20060829d2002 kemy0chiy0110 ea
101 0  @achi
102    @aCN@b110000
105    @aa z 000yy
200 1  @a金文断代方法探微@AJin Wen Duan Dai Fang Fa Tan Wei@f杜勇, 沈长云著@FDu Yong , Shen Chang Yun Zhu
210    @a北京@c人民出版社@d2002@h2003年3月北京第2次印刷
215    @a303页@c彩图@d21cm
300    @a教育部人文社会科学研究“九五”规划项目 天津师范大学科研处出版基金资助
314    @a沈长云(1944~),重庆市人,现为河北师范大学教授,兼古籍研究所所长。著作有:《崛起的士人》等。
314    @a杜勇(1956~),四川旺苍人,现为天津师范大学历史文化学院教授。著作有:《<尚书>周初八诰研究》等。
320    @a有书目(第291~301页)
330    @a全书分上、下二篇。上篇以标准器断代法为研究对象,着力探讨构成此一方法的两大理论支柱;下篇着力讨论历朔断代法用于西周金文历日断代研究的利弊得失。
606 0  @a金文@x断代学@x研究
690    @aK877.34@v4
701  0 @a沈长云@AShen Chang Yun@4著
701  0 @a杜勇@ADu Yong@4著
801  0 @aCN@b中图数据@c20061221
905    @a10447@dK877.34@e215
    
    金文断代方法探微/杜勇, 沈长云著.-北京:人民出版社,2002(2003年3月北京第2次印刷)
    303页:彩图;21cm
    教育部人文社会科学研究“九五”规划项目 天津师范大学科研处出版基金资助
    
    ISBN 7-01-003587-3:CNY20.00
    全书分上、下二篇。上篇以标准器断代法为研究对象,着力探讨构成此一方法的两大理论支柱;下篇着力讨论历朔断代法用于西周金文历日断代研究的利弊得失。
●
相关链接 在E读中查询图书 在五车中查询图书 在当当中查询图书 在豆瓣中查询图书


正题名:金文断代方法探微     索取号:K877.34/215         预约/预借

序号 登录号 条形码 馆藏地/架位号 状态 备注
1 0617341   206173415   第二样本阅览室/ [索取号:K877.34/215] 在馆    
2 0617342   206173424   第二借阅区/ [索取号:K877.34/215] 在馆    
3 0617343   206173433   第二借阅区/ [索取号:K877.34/215] 在馆    
4 0617344   206173442   第二借阅区/ [索取号:K877.34/215] 在馆    
5 0617345   206173451   第二借阅区/ [索取号:K877.34/215] 在馆    
唐山师范学院图书馆 欢迎您!
大连网信软件有限公司© 版权所有